Pape - Mort subite - Statistiques

Statistiques générales
  • Ce quiz a été pris 51 fois
  • Le résultat moyen est 6 sur 14
Answers on the Grid
Answers color-coded by a green-red scale on the quiz's grid according to % correct below.
Léon XIV
Benoit XVI
Jean XXIII
Formose
Paul VI
Jean-Paul II
Félix IV
Urbain V
Pie XII
Lin
Boniface IX
Innocent VII
Alexandre VI
Grégoire III
Damien II
Augustin IV
Thomas Ier
François II
César III
Sceau VI
Hervé Ier
Philippe II
Basile
Matthieu VII
Lucas IV
Raoul
Michael II
Guy IX
Jean-Michel III
Pierre II
 
Statistiques - réponses
Réponse % Correct
Jean-Paul II
83%
Benoit XVI
75%
Pie XII
69%
Léon XIV
64%
Paul VI
58%
Innocent VII
50%
Urbain V
47%
Jean XXIII
44%
Grégoire III
33%
Boniface IX
28%
Alexandre VI
22%
Formose
19%
Félix IV
17%
Lin
11%
Aucun quiz correspondant
Distribution des résultats
% des personnes avec chaque résultat
Percentile par nombre de réponses
Votre historique - résultats
Vous n’avez pas pris ce quiz